000 01510cam a22004574i 4500
003 PE-LiUPU
005 20250731173450.0
008 150616s1985 sp r 000 0 spa d
035 _a(Sirsi) a6394
040 _aPE-LiUPU
_bspa
_cPE-LiUPU
_erda
049 _aPRUA
082 0 4 _a220.3
_bH25
_221
100 1 _aHauss Friedrich
_eautor.
245 1 0 _aFiguras Bíblicas /
_cFriedrich Hauss.
264 1 _aMadrid :
_bEdiciones Rioduero,
_c1985.
300 _a284 páginas ;
_c20 centímetros
336 _atext
_2rdacontent
337 _aunmediated
_2rdamedia
338 _avolume
_2rdacarrier
505 0 _aExplicación acerca de los personajes bíblicos A - Z diccionarios.
526 _aSEG42
526 _aSEG41
526 _aSEG40
526 _aSEG39
526 _aP94
526 _aP87
526 _aP86
526 _aP85
526 _aP77
526 _aP76
526 _aP35
630 _aBiblia
_xBiografías
_vDiccionarios.
910 _ajck
_bjvq
_cjck
910 _adbm
_bncf
_cncf
_d20190604
942 _2ddc
_cBOOK
949 _a220.3 H25
_wDEWEY
_c1
_i36400
_lCCODEBUL1
_mBUL
_p00.00
_r0
_sY
_tBOOK
_u2015-04-23
_xBIBLIOTECA
_zUNKNOWN
_0COMPRA
_o.STAFF. Colección Teología
994 _aC0
_bPEPRU
596 _a1
999 _a220.3 H25
_wDEWEY
_c57522
_i36400
_d57522
_e2019-9-8
_f2021-11-11
_g6
_lCCODEBUL1
_mBUL
_n2
_p15.00
_q2
_r0
_sY
_tBOOK
_u2015-4-23
_xTEOLOGIA
_PP35
_0COMPRA
_o.STAFF. Colección Teología
980 _81
_gALBERTO SANCHEZ Responsable de Automatización